000 00706cam a2200229 4500
001 J2153
008 090401t1993 xxu||||| |||| 00| 0 eng d
035 _a(Sirsi) u47516
041 _aeng
110 _aEurope
_bEuropean Communities Council
_92364
245 _aCouncil Regulation (EEC) No. 1541/93 of 14 June 1993 fixing the non-rotational set-aside rate referred to in Article 7 of regulation (EEC) No. 1765/92.
260 _c1993
300 _a1 sheet ; 30cm.
350 _a0
490 _aRegulation (EEC)
_v1541/93
650 _aEC REGULATIONS
650 _aEUROPEAN COMMUNITY
650 _aNON-ROTATIONAL SET-ASIDE
690 _aEUROPE-SINGLE MARKET
942 _n0
948 _c04/03/1997
999 _c92142
_d92142